000 00586nam a22001817a 4500
005 20251108165828.0
008 250721s9999 xx 000 0 ara d
082 1 4 _aط/923.5/دند
100 1 _aدندشي، محمد محمود
245 1 0 _aصلاح الدين الأيوبي /
264 1 _aطرابلس ( لبنان ) :
_bدار الشمال للطباعة و النشر و التوزيع،
_c[19-].
300 _a96ص.
490 0 _aعظماء العرب
650 1 7 _aالتراجم
653 _aناشئون صغار (10-14) سنة
942 _2ddc
_cBK
999 _c32325
_d32325